[Event "World Blitz Women 2022"]
[Site "Almaty KAZ"]
[Date "2022.12.30"]
[Round "16.43"]
[White "Kim, Kristina"]
[Black "Machlik, Monika"]
[Result "1-0"]
[WhiteTitle "WCM"]
[WhiteElo "1930"]
[BlackElo "2114"]
[WhiteFideId "13712438"]
[BlackFideId "1513621"]
[EventDate "2022.12.29"]

1. d4 Nf6 2. Bf4 e6 3. Nf3 d5 4. e3 Bd6 5. Bg3 O-O 6. Bd3 c5 7. c3 Qc7 8. Nbd2
Nbd7 9. Qe2 e5 10. dxe5 Nxe5 11. Nxe5 Bxe5 12. Nf3 Bd6 13. Rd1 Bg4 14. Qc2 Qe7
15. Bf5 Bh5 16. Bh4 Bxf3 17. gxf3 g6 18. Rxd5 Rad8 19. Be4 Be5 20. Rxd8 Rxd8 21.
O-O Bb8 22. Rd1 Rxd1+ 23. Qxd1 Kg7 24. Bc2 Qe5 25. f4 Qe6 26. Bb3 Qc6 27. Bxf6+
Qxf6 28. Qd5 c4 29. Bxc4 a6 30. Qxb7 Bd6 31. Qd5 Be7 32. b4 h5 33. a4 Kh6 34.
Qg5+ Qxg5+ 35. fxg5+ Kxg5 36. Bxa6 Kf5 37. Bd3+ Ke5 38. b5 Bd8 39. c4 Kd6 40.
Be4 Kc5 41. Bd5 f6 42. Bf7 g5 43. Bxh5 Kb4 44. Bf7 Kxa4 45. Kg2 Kb4 46. Kf3 Kc5
47. Ke4 Ba5 48. Kf5 Bc3 49. Kg4 Be1 50. f4 gxf4 51. exf4 Bf2 52. Kf5 Kd6 53.
Kxf6 Be3 54. f5 Kc5 1-0

[Event "World Blitz Women 2022"]
[Site "Almaty KAZ"]
[Date "2022.12.30"]
[Round "16.44"]
[White "Mikhaylova, Irina"]
[Black "Nasybullina, Alfia"]
[Result "0-1"]
[WhiteTitle "WGM"]
[BlackTitle "WIM"]
[WhiteElo "2257"]
[BlackElo "2027"]
[WhiteFideId "4109040"]
[BlackFideId "4132416"]
[EventDate "2022.12.29"]

1. Nf3 Nf6 2. c4 c5 3. Nc3 Nc6 4. d4 cxd4 5. Nxd4 a6 6. e4 d6 7. Be2 g6 8. O-O
Bg7 9. Be3 O-O 10. Rc1 Be6 11. f3 Rc8 12. b3 Nd7 13. Qd2 Nc5 14. Rfd1 Bd7 15.
Nd5 Ne5 16. h3 f5 17. exf5 gxf5 18. f4 Ne4 19. Qe1 Ng6 20. Bf3 e5 21. Ne2 Bc6
22. fxe5 Nxe5 23. Bxe4 fxe4 24. Nef4 Qe8 25. Qe2 Kh8 26. Rf1 Rd8 27. Rcd1 b5 28.
Bd4 bxc4 29. bxc4 Ng6 30. Bxg7+ Kxg7 31. Qb2+ Ne5 32. Qe2 Ng6 33. Qb2+ Ne5 34.
Qe2 Ng6 35. Nxg6 Rxf1+ 36. Rxf1 hxg6 37. Qb2+ Qe5 38. Qxe5+ dxe5 39. Rd1 Ba4 40.
Re1 Bc2 41. Ne3 Bd3 42. Rc1 Rc8 43. c5 Rc6 44. Nd5 Kf7 45. Nb4 Rc7 46. Kf2 a5
47. Nd5 Rc6 48. Ke3 Ke6 49. Nb6 Ke7 50. Na4 Ke6 51. Nb6 g5 52. Rc3 Rc7 53. Na4
Kd5 54. Nb2 Ba6 55. Na4 0-1

[Event "World Blitz Women 2022"]
[Site "Almaty KAZ"]
[Date "2022.12.30"]
[Round "16.45"]
[White "Martins de Aguiar, Marina"]
[Black "Mikheeva, Galina"]
[Result "1-0"]
[BlackTitle "WFM"]
[WhiteElo "1877"]
[BlackElo "1969"]
[WhiteFideId "2143321"]
[BlackFideId "44108320"]
[EventDate "2022.12.29"]

1. e4 e5 2. d4 exd4 3. c3 d3 4. Bxd3 Nc6 5. Bc4 Nf6 6. Nd2 Bc5 7. Ngf3 d6 8. h3
O-O 9. O-O Re8 10. Qc2 Be6 11. Bd3 Bb6 12. Nb3 Ne5 13. Nxe5 dxe5 14. Bg5 h6 15.
Bh4 Qe7 16. Kh1 Rad8 17. Rad1 g5 18. Bg3 Nh5 19. Bh2 Nf4 20. Bxf4 gxf4 21. Nd2
Kh8 22. Nf3 Rg8 23. Rg1 Qf6 24. Qe2 Rg6 25. Bc4 Rd2 26. Rxd2 Bxc4 27. Qxc4 Bxf2 1-0

[Event "World Blitz Women 2022"]
[Site "Almaty KAZ"]
[Date "2022.12.30"]
[Round "16.46"]
[White "Bauyrzhan, Arnash"]
[Black "Chen, Jocelyn"]
[Result "1-0"]
[BlackTitle "WCM"]
[WhiteElo "2041"]
[BlackElo "1854"]
[WhiteFideId "13706322"]
[BlackFideId "30947154"]
[EventDate "2022.12.29"]

1. e4 c5 2. Nf3 d6 3. Bb5+ Bd7 4. Bxd7+ Qxd7 5. c4 e5 6. O-O Nc6 7. d3 Nf6 8.
Nc3 a6 9. a3 Rb8 10. Bg5 Be7 11. Bxf6 Bxf6 12. Nd5 Be7 13. b4 b5 14. bxc5 dxc5
15. cxb5 axb5 16. Rc1 Bd6 17. Nh4 Ne7 18. Nxe7 Bxe7 19. Nf5 O-O 20. Qg4 g6 21.
Nh6+ Kg7 22. Qxd7 Bg5 23. Ng4 Bxc1 24. Rxc1 Rfd8 25. Qe7 Re8 26. Qf6+ Kg8 27.
Nh6+ Kf8 28. Qxf7# 1-0

[Event "World Blitz Women 2022"]
[Site "Almaty KAZ"]
[Date "2022.12.30"]
[Round "16.47"]
[White "Madi, Aidana"]
[Black "Nomindalai, Tumurbaatar"]
[Result "1-0"]
[BlackTitle "CM"]
[WhiteElo "1583"]
[BlackElo "2132"]
[WhiteFideId "13722689"]
[BlackFideId "4904095"]
[EventDate "2022.12.29"]

1. e4 c5 2. d4 cxd4 3. c3 Nf6 4. e5 Nd5 5. cxd4 Nc6 6. Bc4 Nb6 7. Bb3 d6 8. exd6
Qxd6 9. Nf3 Be6 10. Bxe6 Qxe6+ 11. Be3 g6 12. Nc3 Nd5 13. Qd2 Bg7 14. O-O O-O
15. Bh6 Rad8 16. Bxg7 Kxg7 17. Rfe1 Qd7 18. Ne4 Qg4 19. h3 Qf4 20. Qe2 Rfe8 21.
Rad1 b6 22. Qc4 Na5 23. Qb5 Nc7 24. Qa4 Ne6 25. Ne5 Ra8 26. b4 Nb7 27. g3 Qf5
28. Kh2 Nxd4 29. Rxd4 Qxe5 30. Rd7 Nd6 31. Qc2 Nxe4 32. Rxe4 Qf6 33. Red4 Rac8
34. Qd2 Rc6 35. Rxa7 Rec8 36. Qe3 Rc2 37. Rd2 R2c3 38. Qe2 R8c7 39. Rxc7 Rxc7
40. a4 Rc1 41. a5 bxa5 42. bxa5 Qa1 43. Qf3 Qxa5 44. Re2 Qc5 45. Qf4 Qc6 46.
Qe5+ Qf6 47. Qe3 e6 48. Qxc1 Qf3 49. Qd2 Qf6 50. Qe3 Qe7 51. Qe5+ Kh6 52. Qf4+
Kg7 53. Qd4+ Kh6 54. h4 Qa3 55. Qe3+ 1-0

[Event "World Blitz Women 2022"]
[Site "Almaty KAZ"]
[Date "2022.12.30"]
[Round "17.1"]
[White "Koneru, Humpy"]
[Black "Tan, Zhongyi"]
[Result "1-0"]
[WhiteTitle "GM"]
[BlackTitle "GM"]
[WhiteElo "2572"]
[BlackElo "2518"]
[WhiteFideId "5008123"]
[BlackFideId "8603642"]
[EventDate "2022.12.29"]

1. Nf3 d5 2. d4 Nf6 3. c4 e6 4. Nc3 Be7 5. Bg5 h6 6. Bh4 O-O 7. e3 Ne4 8. Bxe7
Qxe7 9. Qc2 Nxc3 10. Qxc3 c6 11. Bd3 Nd7 12. O-O dxc4 13. Bxc4 b6 14. Rac1 Bb7
15. Rfd1 c5 16. Be2 cxd4 17. Qc7 Bd5 18. Rxd4 Rac8 19. Qxc8 Rxc8 20. Rxc8+ Kh7
21. e4 Bxe4 22. Rxe4 Nc5 23. Rd4 e5 24. Rd1 e4 25. Nd4 Qd7 26. Ra8 Nd3 27. Bxd3
Qxd4 28. Bc2 Qc4 29. Bb3 Qe2 30. Rxa7 e3 31. fxe3 Qxe3+ 32. Kh1 f5 33. Rf7 Qf2
34. h3 f4 35. Bd5 Kg6 36. Rb7 Qxb2 37. Be4+ Kf6 38. Bf3 b5 39. Rd6+ Ke5 40. Rd5+
Ke6 41. Rb6+ Ke7 42. Rbxb5 Qxa2 43. Rb7+ Kf6 44. Rb6+ Ke7 45. Re5+ Kd8 46. Rd6+
Kc7 47. Rd1 g5 48. Re2 Qc4 49. Re7+ Kb6 50. Rd6+ Ka5 51. Re5+ Kb4 52. Re4 1-0

[Event "World Blitz Women 2022"]
[Site "Almaty KAZ"]
[Date "2022.12.30"]
[Round "17.2"]
[White "Harika, Dronavalli"]
[Black "Assaubayeva, Bibisara"]
[Result "0-1"]
[WhiteTitle "GM"]
[BlackTitle "IM"]
[WhiteElo "2507"]
[BlackElo "2440"]
[WhiteFideId "5015197"]
[BlackFideId "13708694"]
[EventDate "2022.12.29"]

1. b3 Nf6 2. Bb2 g6 3. Nf3 Bg7 4. g3 O-O 5. Bg2 d5 6. c4 dxc4 7. bxc4 c5 8. O-O
Nc6 9. d3 Qc7 10. Nc3 Bg4 11. Rb1 Qd7 12. Ba1 b6 13. Qa4 Rac8 14. Rfd1 Rfd8 15.
Ne4 Nxe4 16. dxe4 Qe8 17. Bxg7 Kxg7 18. Qa3 Bxf3 19. Bxf3 Rxd1+ 20. Rxd1 Rd8 21.
Rd5 e6 22. Qc3+ f6 23. Rxd8 Qxd8 24. Kg2 Qd4 25. Qa3 e5 26. Qa4 Qd6 27. e3 Kf7
28. h4 Ke7 29. h5 Qd7 30. hxg6 hxg6 31. Qc2 Nb4 32. Qb1 Qd2 33. Qh1 Nd3 34. Qh7+
Kd6 35. Qxa7 Qxf2+ 36. Kh3 Qxf3 37. Qxb6+ Ke7 38. Qc7+ Ke6 39. Qc6+ Kf7 40. Qd7+
Kg8 41. Kh2 Ne1 42. Qd2 Qh5+ 0-1

[Event "World Blitz Women 2022"]
[Site "Almaty KAZ"]
[Date "2022.12.30"]
[Round "17.3"]
[White "Shuvalova, Polina"]
[Black "Badelka, Olga"]
[Result "1/2-1/2"]
[WhiteTitle "IM"]
[BlackTitle "IM"]
[WhiteElo "2502"]
[BlackElo "2416"]
[WhiteFideId "24171760"]
[BlackFideId "13509926"]
[EventDate "2022.12.29"]

1. d4 Nf6 2. Nf3 e6 3. Bg5 d5 4. Nbd2 Be7 5. e3 c5 6. c3 cxd4 7. exd4 Nc6 8. Bd3
h6 9. Bh4 O-O 10. Qe2 Rb8 11. h3 a6 12. Bg3 Bd6 13. Bxd6 Qxd6 14. Ne5 b5 15. a3
Bb7 16. O-O Qc7 17. f4 Ne7 18. Rae1 Nf5 19. Bxf5 exf5 20. g4 fxg4 21. hxg4 Ne4
22. Nxe4 dxe4 23. g5 f6 24. Ng6 Rfe8 25. Qh5 e3 1/2-1/2

[Event "World Blitz Women 2022"]
[Site "Almaty KAZ"]
[Date "2022.12.30"]
[Round "17.4"]
[White "Arabidze, Meri"]
[Black "Kosteniuk, Alexandra"]
[Result "1-0"]
[WhiteTitle "IM"]
[BlackTitle "GM"]
[WhiteElo "2427"]
[BlackElo "2520"]
[WhiteFideId "13604040"]
[BlackFideId "4128125"]
[EventDate "2022.12.29"]

1. d4 f5 2. e4 fxe4 3. Nc3 Nf6 4. Bg5 g6 5. Qe2 d5 6. f3 Nc6 7. O-O-O Bg7 8.
fxe4 Nxe4 9. Nxe4 dxe4 10. d5 Ne5 11. Qxe4 O-O 12. Nf3 Bf5 13. Qe1 Qd6 14. Nxe5
Bxe5 15. Bd3 Rae8 16. Bh6 Rf6 17. g3 Bg4 18. Be2 Qb6 19. b3 Bxe2 20. Qxe2 Qd6
21. Kb1 Rf5 22. Be3 Bg7 23. Bf4 Qf6 24. Qe6+ Qxe6 25. dxe6 Be5 26. Bxe5 Rxe5 27.
Rd7 Rxe6 28. Rxc7 Rb6 29. Rd1 Kf7 30. Rdd7 Kf6 31. Kc1 Ra6 32. a4 b5 33. axb5
Ra1+ 34. Kd2 Rh1 35. Rxa7 Rxh2+ 36. Kc3 Rg2 37. b6 Rxg3+ 38. Kb2 Rg5 39. c4 Rg2+
40. Kc3 Rb8 41. Rab7 Ra8 42. Ra7 Rb8 43. c5 Rg5 44. b4 Rg3+ 45. Kc4 h5 46. Rxe7
h4 47. Rf7+ Kg5 48. b7 h3 49. Ra8 Rxb7 50. Rxb7 Rg4+ 51. Kb5 h2 52. Rh7 Rh4 53.
Rxh4 Kxh4 54. Rh8+ Kg3 55. c6 1-0

[Event "World Blitz Women 2022"]
[Site "Almaty KAZ"]
[Date "2022.12.30"]
[Round "17.5"]
[White "Stefanova, Antoaneta"]
[Black "Dzagnidze, Nana"]
[Result "1/2-1/2"]
[WhiteTitle "GM"]
[BlackTitle "GM"]
[WhiteElo "2442"]
[BlackElo "2517"]
[WhiteFideId "2902257"]
[BlackFideId "13601903"]
[EventDate "2022.12.29"]

1. d4 Nf6 2. Nc3 d5 3. Bf4 a6 4. e3 Bf5 5. f3 e6 6. g4 Bg6 7. h4 h5 8. g5 Nfd7
9. Bd3 Bxd3 10. Qxd3 c5 11. Nge2 Nc6 12. Bg3 b5 13. g6 f6 14. e4 cxd4 15. Nxd4
Nde5 16. Bxe5 Nxe5 17. Qe2 Bb4 18. Nxe6 Qe7 19. exd5 Bxc3+ 20. bxc3 Rc8 21. f4
Nxg6 22. Nxg7+ Kf7 23. Ne6 Rxc3 24. Rg1 Qb4 25. Kf1 Rg8 26. Qxh5 Qc4+ 27. Qe2
Nxf4 28. Qxc4 Rxg1+ 29. Kxg1 Rxc4 30. Nxf4 Rxf4 31. h5 Rf5 32. a4 Rxd5 33. axb5
Rxb5 34. Rxa6 Rxh5 1/2-1/2

[Event "World Blitz Women 2022"]
[Site "Almaty KAZ"]
[Date "2022.12.30"]
[Round "17.6"]
[White "Goryachkina, Aleksandra"]
[Black "Lagno, Kateryna"]
[Result "0-1"]
[WhiteTitle "GM"]
[BlackTitle "GM"]
[WhiteElo "2584"]
[BlackElo "2563"]
[WhiteFideId "4147103"]
[BlackFideId "14109336"]
[EventDate "2022.12.29"]

1. Nf3 Nf6 2. c4 e6 3. g3 d5 4. Bg2 dxc4 5. Qa4+ Bd7 6. Qxc4 c5 7. d4 Nc6 8. O-O
cxd4 9. Nxd4 Rc8 10. Nxc6 Bxc6 11. Bxc6+ Rxc6 12. Qa4 Bc5 13. Nc3 O-O 14. Bg5 h6
15. Bxf6 Qxf6 16. e3 a6 17. Rfd1 Rfc8 18. Rd2 b5 19. Qb3 Qf3 20. Ne2 Be7 21.
Rad1 Bf6 22. Nd4 Bxd4 23. exd4 Qxb3 24. axb3 Rc2 25. Kg2 Kf8 26. Kf3 Ke7 27. d5
Rxd2 28. Rxd2 exd5 29. Rxd5 Rc2 30. Ke3 Rxb2 31. Rd3 a5 32. h4 h5 33. f3 g6 34.
Kf4 Kf6 35. Ke4 Ke6 36. Kf4 a4 37. bxa4 Rb4+ 38. Kg5 bxa4 39. Rd8 Rb3 40. Kf4
Kf6 41. Ra8 Ra3 42. Ra6+ Kg7 43. g4 hxg4 44. fxg4 Ra1 45. Kg3 a3 46. g5 Kf8 47.
Ra7 Ke8 48. Kg2 a2 49. Kh2 Kd8 50. Kg2 Kc8 51. Kh2 Kb8 52. Ra4 Kb7 53. Kg2 Kb6
54. Ra8 Kb5 55. Rb8+ Kc4 56. Rc8+ Kd4 57. Ra8 Ke5 58. Ra5+ Kf4 59. Ra4+ Kf5 60.
Ra5+ Kg4 61. Ra4+ Kh5 62. Kh2 Rf1 63. Rxa2 Kxh4 64. Ra5 Kg4 0-1

[Event "World Blitz Women 2022"]
[Site "Almaty KAZ"]
[Date "2022.12.30"]
[Round "17.7"]
[White "Khademalsharieh, Sarasadat"]
[Black "Mammadzada, Gunay"]
[Result "0-1"]
[WhiteTitle "IM"]
[BlackTitle "IM"]
[WhiteElo "2490"]
[BlackElo "2472"]
[WhiteFideId "12512214"]
[BlackFideId "13403729"]
[EventDate "2022.12.29"]

1. d4 Nf6 2. c4 e6 3. Nc3 Bb4 4. Nf3 Bxc3+ 5. bxc3 d6 6. Qc2 h6 7. e4 Nc6 8. Be2
O-O 9. O-O e5 10. Be3 b6 11. h3 Re8 12. Nd2 Qe7 13. Rae1 Na5 14. f4 c5 15. fxe5
dxe5 16. d5 Nb7 17. Rf2 Nd6 18. Ref1 Nh7 19. Rf3 Rf8 20. Rg3 Kh8 21. Qd1 Nf6 22.
Bd3 Bd7 23. Rf2 Kh7 24. Rgf3 Nfe8 25. Nf1 g6 26. Qd2 h5 27. Bh6 Rg8 28. Bg5 Qf8
29. Ng3 Qg7 30. Bf6 Nxf6 31. Rxf6 Qf8 32. Qe2 Rg7 33. Nxh5 Rg8 34. Rxd6 Qxd6 35.
Rxf7+ Kh8 36. Qe3 gxh5 37. Qf3 Rg7 38. Qxh5+ Kg8 39. Rf2 Rf8 40. Be2 Rxf2 41.
Kxf2 Qf6+ 42. Bf3 Rg5 0-1

[Event "World Blitz Women 2022"]
[Site "Almaty KAZ"]
[Date "2022.12.30"]
[Round "17.8"]
[White "Abdumalik, Zhansaya"]
[Black "Gunina, Valentina"]
[Result "1-0"]
[WhiteTitle "GM"]
[BlackTitle "GM"]
[WhiteElo "2496"]
[BlackElo "2476"]
[WhiteFideId "13703544"]
[BlackFideId "4167570"]
[EventDate "2022.12.29"]

1. e4 c6 2. d4 d5 3. f3 e6 4. Nc3 Bb4 5. Ne2 Ne7 6. Be3 Nd7 7. Qd2 b5 8. a3 Ba5
9. b4 Bc7 10. Nf4 Nb6 11. Be2 O-O 12. O-O Bb7 13. e5 a5 14. Rab1 axb4 15. axb4
Ra3 16. Ra1 Rxa1 17. Rxa1 Qc8 18. Nd3 Nc4 19. Qc1 Nxe3 20. Qxe3 f6 21. exf6 Nf5
22. Qf2 Rxf6 23. Nc5 e5 24. Ra7 exd4 25. Nxd5 cxd5 26. Rxb7 Rh6 27. f4 Ra6 28.
h4 Ra1+ 29. Kh2 Bd6 30. Qf3 Ne3 31. Qg3 g6 32. Rxb5 Rc1 33. Qg5 Rxc2 34. Bf3
Nf1+ 35. Kg1 Ne3 36. Bxd5+ Kh8 37. Qf6# 1-0

[Event "World Blitz Women 2022"]
[Site "Almaty KAZ"]
[Date "2022.12.30"]
[Round "17.9"]
[White "Tania, Sachdev"]
[Black "Paehtz, Elisabeth"]
[Result "0-1"]
[WhiteTitle "IM"]
[BlackTitle "GM"]
[WhiteElo "2389"]
[BlackElo "2464"]
[WhiteFideId "5007844"]
[BlackFideId "4641833"]
[EventDate "2022.12.29"]

1. d4 d6 2. Nf3 g6 3. c4 Bg7 4. Nc3 Nc6 5. d5 Na5 6. e4 c5 7. Bd3 Bg4 8. h3 Bxf3
9. Qxf3 Nf6 10. Qe2 O-O 11. O-O a6 12. Bc2 Nd7 13. f4 e6 14. dxe6 fxe6 15. Be3
Nc6 16. Qg4 Qe7 17. Bd3 Nd4 18. Rad1 Rae8 19. Rd2 Nb8 20. Bc2 Nbc6 21. Ba4 Rb8
22. Bxc6 bxc6 23. Ne2 e5 24. f5 gxf5 25. exf5 Kh8 26. Ng3 Bf6 27. Nh5 Rg8 28.
Qe4 Rbd8 29. Nxf6 Qxf6 30. Bxd4 cxd4 31. Qxc6 Rc8 32. Qxa6 e4 33. Qb6 d3 34. b3
Rc5 35. Qb7 Qd4+ 36. Rdf2 e3 37. Rf4 Qf6 38. Qe4 e2 39. Rb1 Re5 0-1

[Event "World Blitz Women 2022"]
[Site "Almaty KAZ"]
[Date "2022.12.30"]
[Round "17.10"]
[White "Zatonskih, Anna"]
[Black "Nomin-Erdene, Davaademberel"]
[Result "1-0"]
[WhiteTitle "IM"]
[BlackTitle "IM"]
[WhiteElo "2349"]
[BlackElo "2384"]
[WhiteFideId "14101572"]
[BlackFideId "4900782"]
[EventDate "2022.12.29"]

1. d4 f5 2. g3 Nf6 3. Bg2 g6 4. Nd2 Bg7 5. e4 fxe4 6. Nxe4 O-O 7. Nxf6+ exf6 8.
Ne2 d6 9. c3 c6 10. h4 Bg4 11. h5 Re8 12. Qb3+ d5 13. Be3 Qd7 14. hxg6 hxg6 15.
Nf4 Qf7 16. Kf1 Na6 17. Re1 Bf5 18. f3 g5 19. Nh5 Re7 20. Kf2 Bh8 21. g4 Bd3 22.
Qd1 Bg6 23. Ng3 Rae8 24. Bd2 Nc7 25. Rxe7 Rxe7 26. f4 gxf4 27. Bxf4 Ne6 28. Bc1 1-0

[Event "World Blitz Women 2022"]
[Site "Almaty KAZ"]
[Date "2022.12.30"]
[Round "17.11"]
[White "Buksa, Nataliya"]
[Black "Danielian, Elina"]
[Result "0-1"]
[WhiteTitle "IM"]
[BlackTitle "GM"]
[WhiteElo "2405"]
[BlackElo "2431"]
[WhiteFideId "14123622"]
[BlackFideId "13300210"]
[EventDate "2022.12.29"]

1. d4 Nf6 2. Nc3 d5 3. Bf4 a6 4. e3 e6 5. Nf3 c5 6. Be2 Nc6 7. Ne5 Bd6 8. Nxc6
bxc6 9. Bxd6 Qxd6 10. dxc5 Qxc5 11. Na4 Qa5+ 12. c3 c5 13. O-O Bd7 14. b3 Bxa4
15. bxa4 Qxc3 16. Rb1 O-O 17. Rc1 Qa5 18. Qc2 c4 19. Bf3 Rac8 20. Rb1 Rb8 21.
Rbd1 Rfd8 22. h3 Qb4 23. Rb1 Qa5 24. Rbd1 g6 25. e4 Qc5 26. e5 Nd7 27. Rfe1 Rb4
28. Qd2 c3 29. Qg5 Rc8 30. Bxd5 exd5 31. e6 fxe6 32. Rxe6 c2 33. Rxg6+ hxg6 34.
Qxg6+ Kf8 35. Re1 Qc6 36. Qh5 c1=Q 37. Qh8+ Kf7 38. Qh7+ Kf6 39. Qe7+ Kg6 40.
Qh4 Qxe1+ 41. Kh2 Qd6+ 42. g3 Qxf2+ 0-1

[Event "World Blitz Women 2022"]
[Site "Almaty KAZ"]
[Date "2022.12.30"]
[Round "17.12"]
[White "Savitha, Shri B"]
[Black "Omonova, Umida"]
[Result "0-1"]
[WhiteTitle "WIM"]
[BlackTitle "WFM"]
[WhiteElo "2411"]
[BlackElo "2052"]
[WhiteFideId "35061887"]
[BlackFideId "14210363"]
[EventDate "2022.12.29"]

1. e4 c5 2. Nf3 Nc6 3. d4 cxd4 4. Nxd4 g6 5. Nc3 Bg7 6. Be3 Nf6 7. f3 O-O 8. Qd2
d5 9. Nxc6 bxc6 10. exd5 Nxd5 11. Nxd5 Qxd5 12. c3 Rb8 13. Qxd5 cxd5 14. O-O-O
Be6 15. Bxa7 Ra8 16. Bc5 Rxa2 17. Bxe7 Rb8 18. Bb4 d4 19. Bd3 dxc3 20. bxc3 Rxg2
21. Bc2 Ra8 22. Kb1 h5 23. h4 Ra2 24. Rc1 Raxc2 25. Rxc2 Bf5 26. Rc1 Bh6 27. Ka1
Rxc2 28. Rxc2 Bxc2 29. c4 f6 30. Bd6 Kf7 31. c5 Ke6 32. Kb2 Bd1 33. f4 f5 34.
Kc3 Kd5 35. Kd2 Bf3 36. Ke3 Be4 37. Kf2 Bg7 38. Kg3 Bd4 39. Bf8 Bxc5 40. Bg7 Kc4
41. Bf6 Kd3 42. Be5 Ke2 43. Kh3 Kf3 44. Bb8 Bg1 45. Be5 Bd3 0-1

[Event "World Blitz Women 2022"]
[Site "Almaty KAZ"]
[Date "2022.12.30"]
[Round "17.13"]
[White "Osmak, Yuliia"]
[Black "Padmini, Rout"]
[Result "0-1"]
[WhiteTitle "IM"]
[BlackTitle "IM"]
[WhiteElo "2451"]
[BlackElo "2389"]
[WhiteFideId "14101602"]
[BlackFideId "5029295"]
[EventDate "2022.12.29"]

1. b4 Nf6 2. Bb2 g6 3. e3 Bg7 4. c4 O-O 5. Nf3 c6 6. Be2 d5 7. O-O Bg4 8. d3
Bxf3 9. Bxf3 Qd6 10. c5 Qc7 11. Nd2 Nbd7 12. Nb3 e5 13. a4 Rfe8 14. Be2 e4 15.
Rc1 Ne5 16. Bxe5 Qxe5 17. d4 Qc7 18. b5 h5 19. Rb1 Bf8 20. h3 Be7 21. Qd2 Kg7
22. Rb2 Reb8 23. Rfb1 Bd8 24. Nc1 b6 25. bxc6 Qxc6 26. a5 Bc7 27. axb6 axb6 28.
Bb5 Qe6 29. c6 Qd6 30. g3 h4 31. Qe1 hxg3 32. fxg3 Qxg3+ 33. Qxg3 Bxg3 34. Ne2
Bd6 35. Rc2 Bc7 36. Rcc1 Ra3 37. Kf2 Rba8 38. Rb2 R8a5 39. Ng1 Ne8 40. Be2 Nd6
41. h4 Nf5 42. Rcb1 Nxe3 43. Rb3 Nf5 44. Bg4 Nxd4 45. Rxa3 Rxa3 46. Rd1 Nxc6 47.
Rc1 Ne5 48. Be2 Bd6 49. Rb1 Bc5+ 50. Kf1 d4 51. Bd1 d3 52. Nh3 e3 53. Nf4 e2+
54. Nxe2 dxe2+ 55. Bxe2 Rh3 0-1

[Event "World Blitz Women 2022"]
[Site "Almaty KAZ"]
[Date "2022.12.30"]
[Round "17.14"]
[White "Borisova, Ekaterina"]
[Black "Khotenashvili, Bela"]
[Result "1/2-1/2"]
[WhiteTitle "FM"]
[BlackTitle "GM"]
[WhiteElo "2223"]
[BlackElo "2485"]
[WhiteFideId "34124184"]
[BlackFideId "13602640"]
[EventDate "2022.12.29"]

1. d4 g6 2. c4 Bg7 3. e4 c5 4. d5 d6 5. h3 e6 6. Nf3 Ne7 7. Nc3 O-O 8. Bd3 h6 9.
Be3 e5 10. g4 f5 11. gxf5 gxf5 12. exf5 Nxf5 13. Ne4 Nxe3 14. fxe3 Bf5 15. Rg1
Nd7 16. Qe2 Bxe4 17. Bxe4 Nf6 18. Bf5 e4 19. Be6+ Kh7 20. Nh4 Ne8 21. Qg4 Qg5
22. Bf5+ Rxf5 23. Qxf5+ Qxf5 24. Nxf5 Be5 25. O-O-O Rb8 26. Rg4 b5 27. cxb5 Rxb5
28. b3 c4 29. bxc4 Rb2 30. Rxe4 Rxa2 31. Rd2 Ra1+ 32. Kc2 Nf6 33. Rh4 Kg6 34. e4
h5 35. Rg2+ Kf7 36. Rg7+ Kf8 37. Rb7 Ra2+ 38. Kb1 Ra4 39. c5 dxc5 40. d6 Ke8 41.
Ng7+ Kd8 42. Ne6+ Kc8 43. Rc7+ Kb8 44. Nxc5 Rb4+ 45. Kc2 Bxd6 46. Na6+ Ka8 47.
Rxa7+ Kxa7 48. Nxb4 Bxb4 49. e5 Nd5 50. Rd4 Ne3+ 51. Kd3 Bc5 52. Rd7+ Kb6 53. e6
Nf5 54. Rh7 h4 55. Rh5 Ng7 56. Rxh4 Kc6 57. Rh6 Kd6 58. Rg6 Nxe6 59. Rxe6+ 1/2-1/2

[Event "World Blitz Women 2022"]
[Site "Almaty KAZ"]
[Date "2022.12.30"]
[Round "17.15"]
[White "Batsiashvili, Nino"]
[Black "Khamdamova, Afruza"]
[Result "1-0"]
[WhiteTitle "GM"]
[BlackTitle "WFM"]
[WhiteElo "2493"]
[BlackElo "2139"]
[WhiteFideId "13602993"]
[BlackFideId "14210444"]
[EventDate "2022.12.29"]

1. d4 Nf6 2. Nf3 d5 3. Bf4 c5 4. e3 Nc6 5. Nbd2 Qb6 6. dxc5 Qxb2 7. Rb1 Qc3 8.
Bb5 Bd7 9. O-O e6 10. Rb3 Qxc5 11. c4 Be7 12. cxd5 Nxd5 13. Ne4 Qb6 14. Nd6+ Kf8
15. Bg3 Na5 16. Nc4 Nxc4 17. Bxc4 Qc5 18. Bxd5 exd5 19. Rxb7 Be6 20. Nd4 Bf6 21.
Qb3 Re8 22. Rc7 Qb6 23. Nxe6+ fxe6 24. Qxb6 axb6 25. Rb1 h5 26. Rxb6 h4 27. Bd6+
Kg8 28. Rcb7 Rh5 29. Kf1 d4 30. exd4 Bxd4 31. Rb4 Bf6 32. Rb8 Rxb8 33. Rxb8+ Kf7
34. a4 Ra5 35. Rb4 Ra6 36. Bc7 Be7 37. Rc4 Ke8 38. a5 Kd7 39. Bb6 Bd8 40. Rd4+ 1-0

[Event "World Blitz Women 2022"]
[Site "Almaty KAZ"]
[Date "2022.12.30"]
[Round "17.16"]
[White "Injac, Teodora"]
[Black "Maltsevskaya, Aleksandra"]
[Result "0-1"]
[WhiteTitle "WGM"]
[BlackTitle "IM"]
[WhiteElo "2365"]
[BlackElo "2400"]
[WhiteFideId "932400"]
[BlackFideId "24174041"]
[EventDate "2022.12.29"]

1. Nf3 Nf6 2. c4 g6 3. d4 Bg7 4. g3 O-O 5. Bg2 d6 6. O-O Nbd7 7. Nc3 e5 8. h3
exd4 9. Nxd4 Nc5 10. e4 Re8 11. Re1 Bd7 12. f3 c6 13. Be3 Qc7 14. Bf2 Rad8 15.
b4 Ne6 16. Rc1 Nxd4 17. Bxd4 d5 18. e5 Nh5 19. cxd5 Bxe5 20. Rxe5 Rxe5 21. f4
Ree8 22. Ne4 Bf5 23. d6 Qd7 24. Nf6+ Nxf6 25. Bxf6 Qxd6 26. Bxd8 Rxd8 27. Qf3
Qxb4 28. g4 Rd3 29. Qe2 Qd4+ 30. Kh1 Re3 31. Qd1 Qxd1+ 32. Rxd1 Be6 33. Rb1 b6
34. Bxc6 Rxh3+ 35. Kg2 Ra3 0-1

[Event "World Blitz Women 2022"]
[Site "Almaty KAZ"]
[Date "2022.12.30"]
[Round "17.17"]
[White "Garifullina, Leya"]
[Black "Frayna, Janelle Mae"]
[Result "0-1"]
[WhiteTitle "IM"]
[BlackTitle "WGM"]
[WhiteElo "2357"]
[BlackElo "2265"]
[WhiteFideId "34127035"]
[BlackFideId "5212499"]
[EventDate "2022.12.29"]

1. e4 c6 2. d4 d5 3. e5 Bf5 4. Nf3 e6 5. Be2 c5 6. O-O Nc6 7. c3 h6 8. a3 Nge7
9. b4 c4 10. Nh4 g5 11. Nxf5 exf5 12. Bh5 Qd7 13. Re1 Nd8 14. Be2 Ne6 15. a4 Ng6
16. b5 O-O-O 17. Qc2 Ne7 18. Ba3 g4 19. Bxe7 Bxe7 20. Qxf5 h5 21. Bf1 Kb8 22.
Na3 Rdg8 23. Qc2 h4 24. Qe2 Ng5 25. Kh1 g3 26. f3 gxh2 27. Kxh2 Ne6 28. Qe3 Bg5
29. Qe2 Bf4+ 30. Kh1 Bg3 31. Reb1 Nf4 32. Qc2 h3 33. Kg1 hxg2 34. Bxg2 Bh2+ 35.
Kf1 Nxg2 36. a5 Ne3+ 37. Ke2 Nxc2 38. Nxc2 Rg2+ 0-1